[Event "ISR-chT"]
[Site "Israel"]
[Date "2005.06.04"]
[Round "11"]
[White "Kagan, Yosef"]
[Black "Mikhalevski, Victor"]
[Result "0-1"]
[WhiteElo "2290"]
[BlackElo "2572"]
[PlyCount "84"]
[EventDate "2005.01.08"]
[EventType "team-tourn"]
[EventRounds "11"]
[EventCountry "ISR"]
[SourceTitle "CBM 107"]
[Source "ChessBase"]
[SourceDate "2005.08.01"]
[SourceVersion "1"]
[SourceVersionDate "2005.08.01"]
[SourceQuality "1"]

1. e4 e5 2. Nf3 Nc6 3. Bb5 a6 4. Ba4 Nf6 5. d3 d6 6. c3 g6 7. Nbd2 Bg7 8. Nf1 Nh5 9. Ng3 Nf4 10. 0-0 0-0 11. d4 Qf6 12. d5 Nb8 13. Ne1 Nd7 14. Bc2 c6 15. Be3 h5 16. Qd2 h4 17. Ne2 g5 18. Rd1 a5 19. Bxf4 gxf4 20. dxc6 bxc6 21. Qxd6 Ba6 22. Qxf6 Nxf6 23. Bd3 Rfd8 24. Nc1 Rd6 25. Nf3 Rad8 26. Be2 Bxe2 27. Rxd6 Rxd6 28. Nxe2 Nxe4 29. Re1 Nc5 30. Kf1 Bf6 31. b4 axb4 32. cxb4 Na4 33. Nc1 Rd5 34. Nb3 Nc3 35. a3 e4 36. Nfd2 Rd3 37. Nc4 h3 38. Nc5 Rd4 39. Na5 Rd2 40. gxh3 e3 41. fxe3 f3 42. Rc1 Bh4 0-1

[Event "ISR-chT"]
[Site "Israel"]
[Date "2002.04.12"]
[Round "8"]
[White "Kagan, Yosef"]
[Black "Shabtai, Ran"]
[Result "0-1"]
[WhiteElo "2328"]
[BlackElo "2293"]
[PlyCount "102"]
[EventDate "2002.01.10"]
[EventType "team-tourn"]
[EventRounds "11"]
[EventCountry "ISR"]
[SourceTitle "EXT 2003"]
[Source "ChessBase"]
[SourceDate "2002.11.25"]
[SourceVersion "1"]
[SourceVersionDate "2002.11.25"]
[SourceQuality "1"]

1. Nf3 c5 2. g3 g6 3. Bg2 Bg7 4. 0-0 Nc6 5. c4 d6 6. Nc3 Nf6 7. d4 0-0 8. h3 cxd4 9. Nxd4 Bd7 10. e3 Qc8 11. Nxc6 bxc6 12. Kh2 Qa6 13. Qa4 Qxa4 14. Nxa4 Rab8 15. c5 Rb4 16. Nc3 dxc5 17. Rd1 Rfb8 18. e4 Be6 19. Bf4 Rc8 20. Rd2 Nd7 21. Rad1 Rd4 22. Be3 Rxd2 23. Rxd2 Rb8 24. f4 Bd4 25. Nd1 Bxa2 26. Bxd4 cxd4 27. Rxd4 Nb6 28. Nc3 Be6 29. Bf1 c5 30. Rd2 Bc4 31. Bg2 f6 32. g4 Kf7 33. Kg3 Ba6 34. e5 fxe5 35. fxe5 Bb7 36. Bxb7 Rxb7 37. Ne4 Nc4 38. e6+ Ke8 39. Rc2 Nd6 40. Nxc5 Rc7 41. b4 a5 42. Rb2 axb4 43. Na4 Rc4 44. Kh4 Kf8 45. Nb6 Rd4 46. Kg3 Rd3+ 47. Kf4 b3 48. Nd7+ Kg7 49. Nc5 Rxh3 50. Nxb3 h6 51. Nc5 g5+ 0-1

[Event "ISR-chT"]
[Site "Israel"]
[Date "2002.01.18"]
[Round "2"]
[White "Tseitlin, Mark D"]
[Black "Kagan, Yosef"]
[Result "1-0"]
[WhiteElo "2486"]
[BlackElo "2328"]
[PlyCount "41"]
[EventDate "2002.01.10"]
[EventType "team-tourn"]
[EventRounds "11"]
[EventCountry "ISR"]
[SourceTitle "EXT 2003"]
[Source "ChessBase"]
[SourceDate "2002.11.25"]
[SourceVersion "1"]
[SourceVersionDate "2002.11.25"]
[SourceQuality "1"]

1. e4 e6 2. d4 d5 3. Nd2 Nc6 4. Ngf3 Nf6 5. e5 Nd7 6. Bb5 Be7 7. 0-0 0-0 8. Re1 Re8 9. Nf1 a6 10. Bd3 Nb4 11. Be2 c5 12. c3 Nc6 13. Bd3 cxd4 14. cxd4 Nf8 15. Ng3 Bd7 16. Nh5 Rc8 17. a3 Ng6 18. h4 Na5 19. b4 Nc4 20. Ng5 Bxg5 21. Bxg5 1-0